000
00284cam a22001097a 4500
008
180718b1952 xxu||||| |||| 00| 0 eng d
082
_a
T19x5442 K124
100
_a
Kale,D.N.
245
_a
Agris : a social economic survey
_c
by D.N.Kale
260
_a
Bombay
_b
Asia
_c
1952
300
_a
411p.
999
_c
437094
_d
437094